El verano de Lucky / (Registro nro. 11925)

Detalles MARC
000 -CABECERA
campo de control de longitud fija 01076nam a22003257a 4500
001 - NÚMERO DE CONTROL
campo de control 000690
003 - IDENTIFICADOR DEL NÚMERO DE CONTROL
campo de control DO-SdBPM
005 - FECHA Y HORA DE LA ÚLTIMA TRANSACCIÓN
campo de control 20260312110312.0
007 - CAMPO FIJO DE DESCRIPCIÓN FÍSICA--INFORMACIÓN GENERAL
campo de control de longitud fija ta
008 - DATOS DE LONGITUD FIJA--INFORMACIÓN GENERAL
campo de control de longitud fija 161114b 2003 sp a ||||| |||| 00| 0 spa d
020 ## - NÚMERO INTERNACIONAL ESTÁNDAR DEL LIBRO
Número Internacional Estándar del Libro 8420443638
040 ## - FUENTE DE LA CATALOGACIÓN
Centro catalogador/agencia de origen DO-SdBPM
Lengua de catalogación spa
Centro/agencia transcriptor BPMSU
Normas de descripción rda
082 04 - NÚMERO DE LA CLASIFICACIÓN DECIMAL DEWEY
Número de clasificación 863.6
Número de documento/Ítem C341v 2003
Número de edición 22
100 1# - ENTRADA PRINCIPAL--NOMBRE DE PERSONA
Nombre de persona Caso, Ángeles,
Fechas asociadas al nombre 1959-
Código de función/relación aut.
Término indicativo de función/relación autor
245 13 - MENCIÓN DE TÍTULO
Título El verano de Lucky /
Mención de responsabilidad, etc. Ángeles Caso ; ilustraciones de Catherine Petra Phelps.
250 ## - MENCIÓN DE EDICIÓN
Mención de edición 5ª ed.
264 ## - PRODUCCIÓN, PUBLICACIÓN, DISTRIBUCIÓN, FABRICACIÓN Y COPYRIGHT
Producción, publicación, distribución, fabricación y copyright Madrid :
Nombre del de productor, editor, distribuidor, fabricante Alfaguara,
Fecha de producción, publicación, distribución, fabricación o copyright 2003.
300 ## - DESCRIPCIÓN FÍSICA
Extensión 122 páginas :
Otras características físicas ilustraciones ;
Dimensiones 20 cm.
336 ## - TIPO DE CONTENIDO
Término de tipo de contenido texto
Código de tipo de contenido txt
Fuente rdacontent
337 ## - TIPO DE MEDIO
Nombre/término del tipo de medio sin mediación
Código del tipo de medio n
Fuente rdamedia
338 ## - TIPO DE SOPORTE
Nombre/término del tipo de soporte volumen
Código del tipo de soporte n
Fuente rdacarrier
490 0# - MENCIÓN DE SERIE
Mención de serie Alfaguara infantil.
500 ## - NOTA GENERAL
Nota general Incluye datos de la autora
500 ## - NOTA GENERAL
Nota general Para niños a partir de los 8 años.
650 #7 - PUNTO DE ACCESO ADICIONAL DE MATERIA--TÉRMINO DE MATERIA
Término de materia o nombre geográfico como elemento de entrada Cuentos infantiles españoles
650 #7 - PUNTO DE ACCESO ADICIONAL DE MATERIA--TÉRMINO DE MATERIA
Término de materia o nombre geográfico como elemento de entrada Animales
Subdivisión de forma Cuentos infantiles
700 1# - PUNTO DE ACCESO ADICIONAL--NOMBRE DE PERSONA
Nombre de persona Phelps, Catherine Petra,
Término indicativo de función/relación ilustración
910 ## - DATOS DE OPCIÓN DEL USUARIO (OCLC)
Datos de opción del usuario VMateo V. Control de calidad. BPMSU
942 ## - ELEMENTOS DE PUNTO DE ACCESO ADICIONAL (KOHA)
Fuente del sistema de clasificación o colocación Dewey Decimal Classification
Tipo de ítem Koha Libros
Existencias
Estado de retiro Estado de pérdida Fuente del sistema de clasificación o colocación No para préstamo Código de colección Localización permanente Ubicación/localización actual Fecha de adquisición Fuente de adquisición Total de préstamos Signatura topográfica completa Código de barras Fecha visto por última vez Precio válido a partir de Tipo de ítem Koha
    Dewey Decimal Classification   Colección Infantil General Biblioteca Pública Metropolitana Salomé Ureña Biblioteca Pública Metropolitana Salomé Ureña 11/14/2016 FUNDI   BPMSU CGI 863.6 C341v 2003 BPMSU16111249 11/14/2016 11/14/2016 Libros